Catalog

Record Details

Catalog Search



The 25th hour  Cover Image Book Book

The 25th hour / David Benioff.

Benioff, David. (Author).

Summary:

All Monty Brogan ever wanted was to be a fireman. Now he's just got 24 hours before he will start a seven-year stretch in the federal penitentiary for drug dealing. As the minutes count down, Monty seizes one last chance to stack the odds in his favor.

Record details

  • ISBN: 0452282950
  • ISBN: 9780452282957
  • Physical Description: 211 pages ; 21 cm
  • Publisher: New York : Plume, ©2002.
Subject: Drug traffic > Fiction.
Revenge > Fiction.
Psychological fiction.
American fiction > 21st century.
New York (N.Y.) > Fiction
Genre: Suspense fiction.
Psychological fiction.

LDR 02380cam a2200589Ja 4500
001159326
003SBPL
00520221024091842.0
008010926s2002 nyu 000 1 eng
010 . ‡a 2001052341
020 . ‡a0452282950
020 . ‡a9780452282957
035 . ‡a(OCoLC)48241359
035 . ‡a(OCoLC)48241359 ‡z(OCoLC)82780309
05000. ‡aPS3552.E54425 ‡bA613 2002
08200. ‡a813/.6 ‡221
1001 . ‡aBenioff, David.
24514. ‡aThe 25th hour / ‡cDavid Benioff.
2463 . ‡aTwenty-fifth hour
260 . ‡aNew York : ‡bPlume, ‡c©2002.
300 . ‡a211 pages ; ‡c21 cm
336 . ‡atext ‡btxt ‡2rdacontent
337 . ‡aunmediated ‡bn ‡2rdamedia
338 . ‡avolume ‡bnc ‡2rdacarrier
520 . ‡aAll Monty Brogan ever wanted was to be a fireman. Now he's just got 24 hours before he will start a seven-year stretch in the federal penitentiary for drug dealing. As the minutes count down, Monty seizes one last chance to stack the odds in his favor.
650 0. ‡aDrug traffic ‡vFiction.
650 0. ‡aRevenge ‡vFiction.
650 0. ‡aPsychological fiction.
650 0. ‡aAmerican fiction ‡y21st century.
651 0. ‡aNew York (N.Y.) ‡vFiction
655 7. ‡aSuspense fiction.
655 7. ‡aPsychological fiction. ‡2lcgft
901 . ‡a159326 ‡b ‡c159326 ‡tbiblio

Additional Resources